| 000 | 00703nam a2200181Ia 4500 | ||
|---|---|---|---|
| 008 | 0000002003 engd 0000000000spa00 | ||
| 090 | _aPPR02 V19v | ||
| 100 | 1 |
_aVázquez, Víctor _d1942 |
|
| 245 | 1 | 0 |
_aVíctor Vázquez _b: memorabilia, instalación [Disco compacto] _c/ fotos Ray Carofano |
| 300 | _a1 CD ROM bajo windows ; 12 cm. | ||
| 505 | _aArchivo Silla Memorabilia Instalación | ||
| 600 | 0 | 0 |
_aVAZQUEZ, VICTOR, 1942/ _xTRABAJOS ARTISTICOS |
| 650 | 1 | 4 | _aARTE CONTEMPORANEO PUERTORRIQUEÑO CDROM |
| 650 | 1 | 4 | _aPINTORES PUERTORRIQUEÑOS CDROM |
| 650 | 1 | 4 | _aPINTURA PUERTORRIQUEÑA CDROM |
| 700 | 1 | _aCarofano, Ray | |
| 999 |
_c9041 _d9041 |
||
| 260 |
_aLos Angeles : Couturier Gallery _c2003 |
||